A guide to Microsoft Proxy Server 2.0

Tallennettuna:
Bibliografiset tiedot
Päätekijä: Johnson, David
Muut tekijät: Ruth, Andy, Stewart, J.Michael
Aineistotyyppi: Kirja
Julkaistu: Cambridge,MA. Course Technology 1999
Aiheet:
Tagit: Lisää tagi
Ei tageja, Lisää ensimmäinen tagi!
Thư viện lưu trữ: Trung tâm Học liệu Lê Vũ Hùng, Trường Đại học Đồng Tháp
LEADER 00759pam a22002418a 4500
001 00023493
005 20171026081022.0
008 110624s1999 ||||||Engsd
020 # # |a 0-619-03538-2 
041 0 # |a Eng 
082 1 4 |a 005.3  |b G500I 
100 1 # |a Johnson, David 
245 0 2 |a A guide to Microsoft Proxy Server 2.0  |c David Johnson, J.Michael Stewart, Andy Ruth 
260 # # |a Cambridge,MA.  |b Course Technology  |c 1999 
300 # # |a 560 p.  |c 24 cm.  |e 1 CDRom 
653 # # |a Phần mềm 
653 # # |a Tin học 
700 1 # |a Ruth, Andy 
700 1 # |a Stewart, J.Michael 
852 # # |b Kho đọc  |j KD.0008251 
852 # # |j KD.0008251 
910 0 # |a NTuyet  |d 24/06/2011 
980 # # |a Trung tâm Học liệu Lê Vũ Hùng, Trường Đại học Đồng Tháp